[Event "San Sebastian op 45th"]
[Site "San Sebastian"]
[Date "2025.04.16"]
[Round "3"]
[White "Huerga Leache, Mikel"]
[Black "Larranaga Juaristi, Alexander"]
[Result "1-0"]
[WhiteElo "2400"]
[BlackElo "2098"]
[PlyCount "93"]
[EventDate "2025.04.14"]
[EventType "swiss"]
[EventRounds "9"]
[EventCountry "ESP"]
[SourceTitle "CB18_2025"]
[SourceDate "2025.04.30"]
[SourceVersion "1"]
[SourceVersionDate "2025.04.30"]
[SourceQuality "1"]

1. d4 Nf6 2. c4 e6 3. g3 d5 4. Bg2 Be7 5. Nf3 0-0 6. Qc2 c5 7. 0-0 Nc6 8. dxc5 d4 9. Nbd2 Bxc5 10. Nb3 Be7 11. e3 d3 12. Qb1 e5 13. Nbd2 Bf5 14. a3 a5 15. b3 h6 16. Bb2 e4 17. Nd4 Bg6 18. Bc3 Qd7 19. Qb2 Rfc8 20. Nb5 Qe6 21. Rae1 Bh5 22. f3 Qd7 23. fxe4 Be2 24. Rf5 Bg4 25. Rf4 Nh5 26. Rf2 Bg5 27. e5 Be2 28. Nf1 Rf8 29. Nd6 g6 30. Qd2 Ng7 31. Ne4 Qe7 32. h4 Bxh4 33. gxh4 Qxh4 34. Rf4 Qe7 35. Nf6+ Kh8 36. Ng3 Ne6 37. Rh4 Kg7 38. Bxc6 bxc6 39. Nxe2 dxe2 40. e4 Rh8 41. Qxe2 Qxa3 42. Rf1 Qxb3 43. Rh3 a4 44. Rg3 Qb6+ 45. Kh1 h5 46. Qf3 Ra7 47. Nxh5+ 1-0

[Event "Benasque op 43rd"]
[Site "Benasque"]
[Date "2024.07.14"]
[Round "10"]
[White "Muratov, Batyrkhan"]
[Black "Larranaga Juaristi, Alexander"]
[Result "1-0"]
[WhiteElo "1908"]
[BlackElo "2083"]
[PlyCount "107"]
[EventDate "2024.07.05"]
[EventType "swiss"]
[EventRounds "10"]
[EventCountry "ESP"]
[SourceTitle "CBM 221 Extra"]
[Source "ChessBase"]
[SourceDate "2024.09.30"]
[SourceVersion "1"]
[SourceVersionDate "2024.09.30"]
[SourceQuality "1"]

1. e4 c5 2. Nf3 Nc6 3. Bb5 d6 4. 0-0 Bd7 5. c3 Nf6 6. Re1 a6 7. Bf1 Bg4 8. d3 g6 9. h3 Bxf3 10. Qxf3 Bg7 11. Bf4 0-0 12. Qe3 e5 13. Bh6 Nh5 14. Bxg7 Kxg7 15. Nd2 f5 16. exf5 gxf5 17. Nf3 Qf6 18. Qg5+ Qxg5 19. Nxg5 Rae8 20. Rad1 h6 21. Nf3 Re7 22. g3 Rfe8 23. Bg2 Kg6 24. Kh2 Nf6 25. Nh4+ Kg5 26. Rf1 Nh5 27. Nxf5 Kxf5 28. g4+ Kg5 29. gxh5 Rf8 30. Be4 Kxh5 31. f3 Rg7 32. Rg1 Rg5 33. b3 Rd8 34. Bd5 Rf8 35. Rg4 Rxg4 36. hxg4+ Kg5 37. Kg3 Rh8 38. Rh1 h5 39. Rh4 Rh6 40. Be4 Nd8 41. gxh5 Rxh5 42. Rg4+ Kf6 43. Rg6+ Ke7 44. Rg7+ Kf6 45. Rd7 Ne6 46. Rxd6 Ke7 47. Rb6 Nf4 48. Kg4 Rh2 49. Rxb7+ Kf6 50. Rb6+ Kf7 51. Rxa6 Rg2+ 52. Kf5 Ng6 53. Ra7+ Ne7+ 54. Kxe5 1-0

[Event "San Sebastian op 44th"]
[Site "San Sebastian"]
[Date "2024.03.29"]
[Round "8"]
[White "Grieve, Harry"]
[Black "Larranaga Juaristi, Alexander"]
[Result "1-0"]
[WhiteElo "2470"]
[BlackElo "2023"]
[PlyCount "43"]
[EventDate "2024.03.23"]
[EventType "swiss"]
[EventRounds "9"]
[EventCountry "ESP"]
[SourceTitle "EXT 2025"]
[Source "ChessBase"]
[SourceDate "2024.10.14"]
[SourceVersion "1"]
[SourceVersionDate "2024.10.14"]
[SourceQuality "1"]

1. e4 e5 2. Nf3 Nc6 3. Bb5 a6 4. Ba4 Nf6 5. 0-0 Nxe4 6. d4 b5 7. Bb3 d5 8. dxe5 Be6 9. Re1 Bc5 10. Be3 0-0 11. c3 Qe7 12. Nbd2 Rad8 13. Qe2 Bg4 14. Nxe4 dxe4 15. Bxc5 Qxc5 16. Qxe4 Bxf3 17. gxf3 Rd2 18. Re3 Rxb2 19. Rd1 Re8 20. Qf4 Nd8 21. e6 Nxe6 22. Bxe6 1-0

[Event "ESP-ch U18"]
[Site "Salobrena"]
[Date "2023.08.03"]
[Round "6"]
[White "Perez Bolanos, David"]
[Black "Larranaga Juaristi, Alexander"]
[Result "1-0"]
[WhiteElo "2071"]
[BlackElo "1903"]
[PlyCount "57"]
[EventDate "2023.07.31"]
[EventType "swiss"]
[EventRounds "9"]
[EventCountry "ESP"]
[SourceTitle "CBM 215 Extra"]
[Source "ChessBase"]
[SourceDate "2023.09.30"]
[SourceVersion "1"]
[SourceVersionDate "2023.09.30"]
[SourceQuality "1"]

1. c4 c5 2. Nc3 Nc6 3. g3 g6 4. Bg2 Bg7 5. Nf3 e6 6. h4 h6 7. e3 Nge7 8. 0-0 0-0 9. d4 cxd4 10. Nxd4 Nxd4 11. exd4 d5 12. cxd5 exd5 13. Qb3 Nf5 14. Qxd5 Qb6 15. Qc5 Nxd4 16. Qxb6 axb6 17. Bf4 Ne6 18. Be3 Nc5 19. Nd5 Na4 20. b3 Nc3 21. Nxc3 Bxc3 22. Rac1 Bg7 23. a4 Be6 24. Bxb6 Bxb3 25. a5 Ba4 26. Bxb7 Bb5 27. Bxa8 Bxf1 28. Bb7 Rb8 29. Rc8+ 1-0

[Event "ESP-ch U16 Rapid"]
[Site "Salobrena"]
[Date "2022.07.30"]
[Round "4"]
[White "Larranaga Juaristi, Alexander"]
[Black "Moll Pons, Jana"]
[Result "1-0"]
[WhiteElo "1623"]
[BlackElo "1397"]
[PlyCount "67"]
[EventDate "2022.07.30"]
[EventType "swiss (rapid)"]
[EventRounds "9"]
[EventCountry "ESP"]
[SourceTitle "EXT 2023"]
[Source "ChessBase"]
[SourceDate "2022.10.05"]
[SourceVersion "1"]
[SourceVersionDate "2022.10.05"]
[SourceQuality "1"]

1. e4 c5 2. Nf3 e6 3. d4 cxd4 4. Nxd4 Nf6 5. Nc3 d6 6. Be3 Be7 7. Be2 0-0 8. 0-0 Nc6 9. f4 Nxd4 10. Qxd4 Bd7 11. Bf3 Bc6 12. Rad1 Qc7 13. e5 dxe5 14. Qxe5 Qc8 15. h3 Nd7 16. Qh5 g6 17. Qg4 Bf6 18. Bxc6 Qxc6 19. f5 exf5 20. Rxf5 Bg7 21. Rff1 Ne5 22. Qf4 Nc4 23. Bc1 Nxb2 24. Bxb2 Bxc3 25. Ba3 Rfe8 26. Qxf7+ Kh8 27. Rd7 Bd4+ 28. Kh1 Qxd7 29. Qxd7 Rad8 30. Qxb7 Re2 31. Bb2 Bxb2 32. Qxb2+ Kg8 33. Qb3+ Kh8 34. Qc3+ 1-0

[Event "ESP-ch U16"]
[Site "Salobrena"]
[Date "2022.07.26"]
[Round "3"]
[White "Perez Bolanos, David"]
[Black "Larranaga Juaristi, Alexander"]
[Result "1-0"]
[WhiteElo "2041"]
[BlackElo "1929"]
[PlyCount "65"]
[EventDate "2022.07.25"]
[EventType "swiss"]
[EventRounds "9"]
[EventCountry "ESP"]
[SourceTitle "EXT 2023"]
[Source "ChessBase"]
[SourceDate "2022.10.05"]
[SourceVersion "1"]
[SourceVersionDate "2022.10.05"]
[SourceQuality "1"]

1. e4 c5 2. Nf3 Nc6 3. Bb5 g6 4. 0-0 Bg7 5. c3 Nf6 6. Re1 0-0 7. d4 cxd4 8. cxd4 d6 9. Nc3 Bg4 10. Be3 Nd7 11. Bxc6 bxc6 12. h3 Bxf3 13. Qxf3 Qb6 14. Na4 Qa5 15. Qd1 Rab8 16. Rc1 Rfc8 17. b3 Nb6 18. Nxb6 axb6 19. Re2 c5 20. Rec2 Qa6 21. Qd2 Ra8 22. Kh2 Rc7 23. a4 Rac8 24. Rc4 d5 25. exd5 cxd4 26. Rxc7 Rxc7 27. Rxc7 dxe3 28. Qxe3 Bf8 29. d6 e6 30. Qf4 f5 31. Qe5 Qd3 32. Qxe6+ Kh8 33. Qf6+ 1-0

[Event "ESP-ch U16"]
[Site "Salobrena"]
[Date "2021.07.22"]
[Round "6"]
[White "Larranaga Juaristi, Alexander"]
[Black "Martinez Soriano, Javier"]
[Result "1-0"]
[WhiteElo "1747"]
[BlackElo "1937"]
[PlyCount "60"]
[EventDate "2021.07.19"]
[EventType "swiss"]
[EventRounds "9"]
[EventCountry "ESP"]
[SourceTitle "EXT 2022"]
[Source "ChessBase"]
[SourceDate "2021.10.06"]
[SourceVersion "1"]
[SourceVersionDate "2021.10.06"]
[SourceQuality "1"]

1. e4 e6 2. d4 d5 3. Nd2 Nf6 4. e5 Nfd7 5. Bd3 c5 6. c3 b6 7. Ne2 Ba6 8. Bxa6 Nxa6 9. 0-0 cxd4 10. cxd4 Be7 11. f4 Nc7 12. Nf3 a5 13. Qe1 b5 14. Qg3 g6 15. h4 a4 16. h5 b4 17. f5 exf5 18. Ng5 Nf8 19. Bd2 Nfe6 20. Nxe6 Nxe6 21. Rac1 Qb6 22. Be3 Kd7 23. Nf4 Qb5 24. Qf3 Nxf4 25. Bxf4 Rac8 26. Qe3 Qa6 27. Qf3 Ke6 28. g4 Qb5 29. gxf5+ gxf5 30. Bg5 Kd7 1-0

[Event "ESP-ch U14"]
[Site "Salobrena"]
[Date "2020.08.06"]
[Round "6"]
[White "Larranaga Juaristi, Alexander"]
[Black "Martin Ramos, Hector"]
[Result "0-1"]
[WhiteElo "1746"]
[BlackElo "1542"]
[PlyCount "106"]
[EventDate "2020.08.03"]
[EventType "swiss"]
[EventRounds "9"]
[EventCountry "ESP"]
[SourceTitle "EXT 2021"]
[Source "ChessBase"]
[SourceDate "2020.10.23"]
[SourceVersion "1"]
[SourceVersionDate "2020.10.23"]
[SourceQuality "1"]

1. e4 e6 2. d4 d5 3. Nd2 c5 4. exd5 Qxd5 5. dxc5 Bxc5 6. Ngf3 Nc6 7. Bd3 Nf6 8. 0-0 Nb4 9. Bc4 Qh5 10. Nb3 Be7 11. Bf4 0-0 12. Qe2 Qf5 13. Be3 Qxc2 14. Nbd4 Qxe2 15. Bxe2 Nfd5 16. Bd2 Bd7 17. Ne5 Nc6 18. Ndxc6 Bxc6 19. Nxc6 bxc6 20. Rac1 c5 21. Rc4 Rfb8 22. b3 a5 23. Ra4 Nb4 24. Bf3 Ra7 25. Rb1 g5 26. a3 Nd5 27. h4 h6 28. Rg4 f5 29. Rc4 a4 30. Bxd5 exd5 31. Rc3 d4 32. Rg3 Rxb3 33. Rbxb3 axb3 34. Rxb3 c4 35. Rb8+ Kg7 36. hxg5 hxg5 37. Rc8 c3 38. Bxc3 dxc3 39. Rxc3 Rxa3 40. Rc7 Kf6 41. g3 g4 42. Kg2 Ra5 43. Rc6+ Kg5 44. f4+ gxf3+ 45. Kxf3 Ra3+ 46. Kf2 Bf6 47. Rc4 Be5 48. Rc8 Bxg3+ 49. Kg2 Be5 50. Rg8+ Kf4 51. Rc8 Ra2+ 52. Kh3 Kf3 53. Rg8 Rh2# 0-1

[Event "Padron Pre-Mundial U12"]
[Site "Padron"]
[Date "2018.09.06"]
[Round "6"]
[White "Larranaga Juaristi, Alexander"]
[Black "Abana Martin, Hugo"]
[Result "1/2-1/2"]
[WhiteElo "1545"]
[BlackElo "1212"]
[PlyCount "64"]
[EventDate "2018.09.03"]
[EventType "swiss"]
[EventRounds "9"]
[EventCountry "ESP"]
[SourceTitle "EXT 2024"]
[Source "ChessBase"]
[SourceDate "2023.10.10"]
[SourceVersion "1"]
[SourceVersionDate "2023.10.10"]
[SourceQuality "1"]

1. e4 c5 2. Nf3 e6 3. d4 cxd4 4. Nxd4 a6 5. Nc3 Qc7 6. g3 b5 7. Bg2 Bb7 8. 0-0 Be7 9. Be3 Nf6 10. Qd2 0-0 11. Rad1 Nc6 12. Rfe1 Nxd4 13. Bxd4 Qc6 14. Bxf6 Bxf6 15. Qxd7 b4 16. Qxc6 Bxc6 17. e5 Bxg2 18. Kxg2 bxc3 19. exf6 cxb2 20. fxg7 Rfd8 21. Rxd8+ Rxd8 22. Rb1 Rb8 23. Kf3 a5 24. Ke3 a4 25. a3 Rb5 26. Kd3 Rd5+ 27. Kc3 Rf5 28. f4 e5 29. fxe5 Rxe5 30. Kxb2 Re2 31. Rh1 Rg2 32. Kc3 Kxg7 1/2-1/2

[Event "Padron Pre-Mundial U12"]
[Site "Padron"]
[Date "2018.09.05"]
[Round "4"]
[White "Carabantes Otal, Laia"]
[Black "Larranaga Juaristi, Alexander"]
[Result "0-1"]
[WhiteElo "1293"]
[BlackElo "1545"]
[PlyCount "144"]
[EventDate "2018.09.03"]
[EventType "swiss"]
[EventRounds "9"]
[EventCountry "ESP"]
[SourceTitle "EXT 2024"]
[Source "ChessBase"]
[SourceDate "2023.10.10"]
[SourceVersion "1"]
[SourceVersionDate "2023.10.10"]
[SourceQuality "1"]

1. e4 c5 2. Nf3 d6 3. Bb5+ Bd7 4. Bxd7+ Qxd7 5. d3 Nc6 6. Nc3 g6 7. 0-0 Bg7 8. Be3 Nf6 9. Qd2 0-0 10. Bh6 Rab8 11. Bxg7 Kxg7 12. Rab1 b5 13. Nd5 Nxd5 14. exd5 Nb4 15. Qc3+ Kg8 16. a3 Nxd5 17. Qd2 Qg4 18. Qg5 Qxg5 19. Nxg5 b4 20. axb4 Nxb4 21. Rfe1 e6 22. Rec1 Rb6 23. Ra1 a6 24. Ra3 Rfb8 25. Ne4 Kg7 26. f4 Nd5 27. g3 Rc6 28. c4 Ne7 29. b3 Nf5 30. Rca1 Rbb6 31. Kf2 Nd4 32. Rb1 h6 33. Nc3 Rb8 34. Na4 Kf6 35. g4 g5 36. fxg5+ hxg5 37. Kg2 Kg6 38. Kf2 Rh8 39. Rh1 Rh3 40. Nb2 Rb6 41. Kg2 Re3 42. Rb1 Rxb3 43. Rxb3 Nxb3 44. Kf2 Rh3 45. Rh1 Nd4 46. Ke1 Nf3+ 47. Kf2 Rxh2+ 48. Rxh2 Nxh2 49. Kg3 Nf1+ 50. Kf2 Nd2 51. Na4 Kf6 52. Ke3 Nb3 53. Nc3 Ke5 54. Ne4 f6 55. Nc3 f5 56. gxf5 exf5 57. Nd5 a5 58. Nb6 f4+ 59. Ke2 g4 60. Nd7+ Kd4 61. Nf6 a4 62. Nxg4 a3 63. Kf3 a2 64. Kxf4 a1Q 65. Nf6 Qf1+ 66. Kg5 Kxd3 67. Ne8 Qg2+ 68. Kh6 Nd4 69. Nf6 Ne6 70. Nh5 Qg5+ 71. Kh7 Qxh5+ 72. Kg8 Qg6+ 0-1

[Event "Padron Pre-Mundial U12"]
[Site "Padron"]
[Date "2018.09.03"]
[Round "1.2"]
[White "Larranaga Juaristi, Alexander"]
[Black "Borrajo Pineiro, Xabier"]
[Result "1-0"]
[WhiteElo "1545"]
[BlackElo "1115"]
[PlyCount "157"]
[EventDate "2018.09.03"]
[EventType "swiss"]
[EventRounds "9"]
[EventCountry "ESP"]
[SourceTitle "EXT 2024"]
[Source "ChessBase"]
[SourceDate "2023.10.10"]
[SourceVersion "1"]
[SourceVersionDate "2023.10.10"]
[SourceQuality "1"]

1. e4 c6 2. d4 d5 3. exd5 cxd5 4. Bd3 e6 5. Bf4 Bd6 6. Bxd6 Qxd6 7. Nf3 Nc6 8. c3 Nf6 9. Nbd2 Bd7 10. 0-0 0-0 11. Re1 Rfe8 12. Ne5 Re7 13. Qf3 Ne8 14. Qh3 h6 15. Nxd7 Qxd7 16. Nf3 Nf6 17. Re3 Rae8 18. Ne5 Nxe5 19. dxe5 Nh7 20. Rg3 f5 21. exf6 Nxf6 22. Qxh6 Ne4 23. Bxe4 dxe4 24. Qe3 Rd8 25. h3 Qc6 26. Rg4 Red7 27. Qxe4 Rd2 28. Qxc6 bxc6 29. Rb1 Rf8 30. f3 Rb8 31. Rb4 Rbd8 32. Re4 Rc2 33. Rd4 Rb8 34. Ra4 Rb7 35. Ra6 Rd7 36. Ra5 Kh7 37. Rg5 Kh6 38. Rg4 Rd5 39. Re1 Rd6 40. Re5 Kh7 41. Rb4 Rdd2 42. Rg5 Kh6 43. Rgg4 Rxb2 44. Rxb2 Rxb2 45. Re4 Rxa2 46. Rxe6+ Kh7 47. Rxc6 a5 48. Ra6 Kg8 49. Kf1 Kf7 50. Ke1 Ke7 51. Kd1 Kd7 52. Ke1 Kc7 53. g4 Rf2 54. Rxa5 Rxf3 55. Ra7+ Kd6 56. Kd2 Ke5 57. Rxg7 Rxh3 58. Kc2 Kf6 59. Rg8 Kf7 60. Rg5 Kf6 61. Rf5+ Kg6 62. Rd5 Rg3 63. g5 Kf7 64. Kb3 Ke6 65. Kc4 Rg4+ 66. Kc5 Ra4 67. c4 Ra5+ 68. Kd4 Ra4 69. Re5+ Kd6 70. g6 Ra1 71. Rg5 Rd1+ 72. Kc3 Rc1+ 73. Kd2 Ke7 74. g7 Kf6 75. Kxc1 Kf7 76. g8Q+ Kf6 77. Qg6+ Ke7 78. Re5+ Kd7 79. Rf5 1-0

[Event "Padron Pre-Mundial U12"]
[Site "Padron"]
[Date "2018.09.03"]
[Round "2.2"]
[White "Suarez Gomez, Paula"]
[Black "Larranaga Juaristi, Alexander"]
[Result "1/2-1/2"]
[WhiteElo "1388"]
[BlackElo "1545"]
[PlyCount "62"]
[EventDate "2018.09.03"]
[EventType "swiss"]
[EventRounds "9"]
[EventCountry "ESP"]
[SourceTitle "EXT 2024"]
[Source "ChessBase"]
[SourceDate "2023.10.10"]
[SourceVersion "1"]
[SourceVersionDate "2023.10.10"]
[SourceQuality "1"]

1. e4 e5 2. Nf3 Nc6 3. d4 exd4 4. Bc4 Bc5 5. c3 Nf6 6. cxd4 Bb4+ 7. Bd2 Bxd2+ 8. Nbxd2 d5 9. exd5 Nxd5 10. 0-0 0-0 11. Ne5 Nce7 12. Qb3 c6 13. Ne4 Qb6 14. Qxb6 Nxb6 15. Bb3 Ned5 16. Nd6 Rb8 17. Nxc8 Rbxc8 18. Rfe1 f6 19. Nc4 Kh8 20. Nxb6 Nxb6 21. Re7 Rb8 22. Rd1 Rfe8 23. Rxe8+ Rxe8 24. Kf1 Rd8 25. Re1 h6 26. Re7 Rd7 27. Rxd7 Nxd7 28. d5 cxd5 29. Bxd5 b6 30. Ke2 Kh7 31. h4 Kg6 1/2-1/2